| 000 | 00857nam a2200217 a 4500 | ||
|---|---|---|---|
| 003 | 0 | ||
| 005 | 20250320125526.0 | ||
| 008 | 060802s19uu xx 00 eng d | ||
| 050 |
_aPGS HV 4708.A94 _b.Or64 2006 |
||
| 100 | _aOrbeta, Caroline Nicole S. | ||
| 245 |
_aAnimal rights awareness of grade six pet owners / _cCaroline Nicole S. Orbeta. |
||
| 260 |
_aLas Piñas City, Philippines : _bSouthville International School and Colleges, _c2006. |
||
| 300 |
_a41 pages : _billustrations ; _c28 cm. |
||
| 504 | _aIncludes bibliographical references. | ||
| 650 |
_aAnimal rights _vStudy and teaching . |
||
| 650 |
_aAnimal welfare _vChildren’s attitudes. |
||
| 650 |
_aPets _vMoral and ethical aspects . |
||
| 650 |
_aHuman-animal relationships _vStudent perspectives. |
||
| 650 |
_aPet ownership _vResponsibilities and awareness. |
||
| 942 |
_2lcc _cPASS |
||
| 999 |
_c97530 _d97530 |
||